[Event "XX Miedzynarodowy Festiwal Szachowy w P"]
[Site "Poznan"]
[Date "2011.08.13"]
[Round "8.1"]
[White "Urban, Klaudiusz"]
[Black "Szelag, Marcin"]
[Result "1/2-1/2"]
[WhiteElo "2456"]
[BlackElo "2478"]
[PlyCount "51"]
[EventDate "2011.08.07"]
[EventType "swiss"]
[EventRounds "9"]
[EventCountry "POL"]

1. d4 Nf6 2. Nf3 g6 3. Nbd2 d5 4. e3 Bg7 5. b4 O-O 6. c4 a5 7. b5 c5 8. bxc6
Nxc6 9. Be2 dxc4 10. Bxc4 e5 11. Ba3 Re8 12. Nxe5 Nxe5 13. dxe5 Ng4 14. Nf3
Nxe5 15. Nxe5 Bxe5 16. Rc1 Qxd1+ 17. Rxd1 Be6 18. Bxe6 Rxe6 19. Rd5 Bc3+ 20.
Ke2 Bb4 21. Bxb4 axb4 22. Rd2 Rea6 23. Rb1 Rxa2 24. Rxb4 Rxd2+ 25. Kxd2 Rd8+
26. Ke2 1/2-1/2

[Event "XX Miedzynarodowy Festiwal Szachowy w P"]
[Site "Poznan"]
[Date "2011.08.13"]
[Round "8.3"]
[White "Ancuta, Adam"]
[Black "Przybylski, Wojciech"]
[Result "1-0"]
[WhiteElo "1866"]
[BlackElo "2356"]
[PlyCount "79"]
[EventDate "2011.08.07"]
[EventType "swiss"]
[EventRounds "9"]
[EventCountry "POL"]

1. e4 c5 2. Nf3 d6 3. d4 cxd4 4. Nxd4 Nf6 5. Nc3 a6 6. Bg5 e6 7. f4 Nbd7 8. Qf3
h6 9. Bh4 Rg8 10. Bg3 g5 11. f5 Ne5 12. Qe2 Qb6 13. O-O-O Bd7 14. fxe6 fxe6 15.
Nf3 Qc5 16. Nxe5 dxe5 17. Qc4 Qa5 18. Be2 b5 19. Qd3 Qc7 20. Rhf1 Be7 21. Bxe5
Qxe5 22. Bh5+ Kd8 23. Rxf6 Ra7 24. Rxh6 Rc7 25. Kb1 Kc8 26. Rh7 Bc6 27. Bg4 Rd8
28. Qe2 Rxd1+ 29. Qxd1 Rd7 30. Qe2 Kb7 31. a3 a5 32. Rh6 Bf6 33. Qf2 Rf7 34.
Bh5 Rf8 35. Rh7+ Kc8 36. Qa7 Bxe4 37. Qa6+ Kd8 38. Bg6 Bd5 39. Qb6+ Kc8 40.
Qc5+ 1-0

[Event "XX Miedzynarodowy Festiwal Szachowy w P"]
[Site "Poznan"]
[Date "2011.08.13"]
[Round "8.4"]
[White "Nawrocki, Przemyslaw"]
[Black "Bajerlein, Dawid"]
[Result "1/2-1/2"]
[WhiteElo "2059"]
[BlackElo "2016"]
[PlyCount "109"]
[EventDate "2011.08.07"]
[EventType "swiss"]
[EventRounds "9"]
[EventCountry "POL"]

1. d4 Nf6 2. Nf3 c5 3. c4 cxd4 4. Nxd4 e5 5. Nb5 d5 6. cxd5 Bc5 7. e3 O-O 8.
Bc4 a6 9. N5c3 b5 10. Bd3 Qe7 11. Qc2 Nbd7 12. e4 Ng4 13. O-O Qh4 14. h3 Ndf6
15. Nd1 Bd4 16. Ne3 Nxe3 17. Bxe3 Bxe3 18. fxe3 Qg5 19. Rf3 Bd7 20. Qf2 Rac8
21. Nd2 h5 22. Rg3 Qh6 23. Nf3 Rfe8 24. Nh4 Rc7 25. Rf1 Kh8 26. Nf5 Bxf5 27.
Qxf5 Nh7 28. Qf2 f6 29. h4 Rd8 30. Qf5 Nf8 31. Rd1 Rd6 32. Qf2 g6 33. Qd2 Qg7
34. a4 bxa4 35. Qb4 Qd7 36. Bxa6 Kg7 37. Be2 Rb7 38. Qa3 Kf7 39. Rd2 Qc7 40.
Qxa4 Rxb2 41. Qd1 Qc3 42. Rxb2 Qxb2 43. Bxh5 Rb6 44. Qg4 Qc1+ 45. Kh2 Rb1 46.
Bxg6+ Ke7 47. Rf3 Qh1+ 48. Kg3 Qe1+ 49. Kh2 Qh1+ 50. Kg3 Qe1+ 51. Rf2 Qxe3+ 52.
Rf3 Qe1+ 53. Kh2 Qh1+ 54. Kg3 Qe1+ 55. Kh2 1/2-1/2

[Event "XX Miedzynarodowy Festiwal Szachowy w P"]
[Site "Poznan"]
[Date "2011.08.13"]
[Round "8.5"]
[White "Duszczak, Dariusz"]
[Black "Musialkiewicz, Pawel"]
[Result "0-1"]
[WhiteElo "2041"]
[BlackElo "1961"]
[PlyCount "114"]
[EventDate "2011.08.07"]
[EventType "swiss"]
[EventRounds "9"]
[EventCountry "POL"]

1. f4 d5 2. e3 c5 3. Nf3 Nf6 4. d4 e6 5. Bd3 Bd6 6. O-O O-O 7. b3 b6 8. Bb2 Ba6
9. Bxa6 Nxa6 10. Qe2 Nb4 11. a3 Nc6 12. Nbd2 Rc8 13. Rac1 cxd4 14. Nxd4 Nxd4
15. exd4 Qe7 16. b4 a5 17. c3 Qd7 18. g3 Rc7 19. Ra1 Qa4 20. Qd3 Qd7 21. h3 Qc6
22. Rfe1 Re7 23. Kh2 Qc7 24. Kg2 h5 25. h4 Ng4 26. Re2 g6 27. Ree1 Kg7 28. Re2
Kh7 29. Kg1 Rc8 30. Kg2 Qd7 31. Kg1 a4 32. Rae1 b5 33. Qf3 Kg7 34. Qd3 Kf8 35.
Nf3 Nf6 36. Ng5 Ke8 37. Bc1 Kd8 38. Bd2 Kc7 39. Kg2 Kb6 40. Qf3 Ree8 41. Qd3
Bf8 42. Rc1 Rc6 43. Nf3 Rcc8 44. Ne5 Qc7 45. Kh2 Bd6 46. Nf3 Ne4 47. Be1 Bxf4
48. Nd2 Nxd2 49. Bxd2 Bxd2 50. Rxd2 Rg8 51. Rf2 g5 52. Qh7 gxh4 53. Kh1 Rcf8
54. g4 Qg3 55. Qc2 Rxg4 56. Rg2 Qh3+ 57. Kg1 Rfg8 0-1

[Event "XX Miedzynarodowy Festiwal Szachowy w P"]
[Site "Poznan"]
[Date "2011.08.13"]
[Round "8.6"]
[White "Musialkiewicz, Jan"]
[Black "Hemmerling, Jaroslaw"]
[Result "1-0"]
[WhiteElo "2150"]
[BlackElo "1994"]
[PlyCount "67"]
[EventDate "2011.08.07"]
[EventType "swiss"]
[EventRounds "9"]
[EventCountry "POL"]

1. d4 Nf6 2. c4 g6 3. Nc3 d5 4. Nf3 Bg7 5. Qb3 dxc4 6. Qxc4 O-O 7. g3 c6 8. Bg2
Qa5 9. O-O Be6 10. Qd3 Na6 11. e4 Qb4 12. Rd1 Rfd8 13. Qc2 Bg4 14. Be3 Qa5 15.
h3 Bxf3 16. Bxf3 e5 17. a3 exd4 18. Bxd4 Nd7 19. Be3 Ne5 20. Be2 c5 21. Nd5 c4
22. f4 Nd3 23. Bxd3 cxd3 24. Rxd3 Qb5 25. Rad1 Qe8 26. e5 Rac8 27. Nc3 Rxd3 28.
Qxd3 Qc6 29. Qd7 Nb8 30. Qxc6 Nxc6 31. Rd7 Rb8 32. Nb5 a6 33. Nd6 Nd8 34. Bb6
1-0

[Event "XX Miedzynarodowy Festiwal Szachowy w P"]
[Site "Poznan"]
[Date "2011.08.13"]
[Round "8.7"]
[White "Zakrzewski, Marek"]
[Black "Glatty, Zbigniew"]
[Result "1-0"]
[WhiteElo "2097"]
[BlackElo "1950"]
[PlyCount "107"]
[EventDate "2011.08.07"]
[EventType "swiss"]
[EventRounds "9"]
[EventCountry "POL"]

1. e4 e5 2. Nc3 Nc6 3. Bc4 Nf6 4. d3 Bc5 5. f4 exf4 6. Bxf4 d6 7. Nf3 Bg4 8. h3
Bxf3 9. Qxf3 Nd4 10. Qg3 Nh5 11. Qg4 Nxf4 12. Qxf4 Nxc2+ 13. Ke2 Nd4+ 14. Kd2
Qd7 15. Rhf1 f6 16. Nd5 O-O-O 17. b4 Bb6 18. a4 c6 19. Nxb6+ axb6 20. b5 Kc7
21. a5 Ra8 22. axb6+ Kxb6 23. bxc6 bxc6 24. Qf2 c5 25. Rfb1+ Kc7 26. Bd5 Nc6
27. Ke3 Rhb8 28. Rxb8 Rxb8 29. Qa2 Qc8 30. Bxc6 Kxc6 31. Qd5+ Kc7 32. Qf7+ Kc6
33. Qd5+ Kc7 34. Qf7+ Kc6 35. Qxg7 Qg8 36. Ra6+ Kb5 37. Qxg8 Rxg8 38. Rxd6 Rxg2
39. Rxf6 Rg3+ 40. Rf3 Rg6 41. e5 c4 42. dxc4+ Kxc4 43. Ke4 Rh6 44. Re3 Rh4+ 45.
Kf5 Kd4 46. Re1 Rxh3 47. e6 Rf3+ 48. Kg5 Rg3+ 49. Kf6 Rf3+ 50. Kg7 Rg3+ 51. Kh8
h5 52. e7 Re3 53. Rxe3 Kxe3 54. e8=Q+ 1-0

[Event "XX Miedzynarodowy Festiwal Szachowy w P"]
[Site "Poznan"]
[Date "2011.08.13"]
[Round "8.8"]
[White "Wesolowski, Edgar"]
[Black "Korbal, Arkadiusz"]
[Result "0-1"]
[WhiteElo "1983"]
[BlackElo "2052"]
[PlyCount "70"]
[EventDate "2011.08.07"]
[EventType "swiss"]
[EventRounds "9"]
[EventCountry "POL"]

1. c4 c5 2. Nc3 Nc6 3. Nf3 g6 4. e4 Bg7 5. d3 d6 6. h3 Nf6 7. Be3 O-O 8. Be2
Rb8 9. O-O a6 10. d4 cxd4 11. Nxd4 Bd7 12. a4 Qa5 13. Rb1 Rfc8 14. Nc2 Ne5 15.
b4 Qc7 16. c5 dxc5 17. Bxc5 Bc6 18. f3 Nh5 19. Ne3 Nf4 20. Ncd5 Bxd5 21. Nxd5
Nxd5 22. Qxd5 Rd8 23. Qa2 Nc6 24. Rfc1 Qf4 25. Bf2 Nd4 26. Bc4 Be5 27. Kf1 Qh2
28. Bxf7+ Kg7 29. Bg1 Qf4 30. Bc4 Nxf3 31. gxf3 Qxf3+ 32. Qf2 Qxh3+ 33. Ke2
Qg4+ 34. Qf3 Rd2+ 35. Ke3 Qg5+ 0-1

[Event "XX Miedzynarodowy Festiwal Szachowy w P"]
[Site "Poznan"]
[Date "2011.08.13"]
[Round "8.10"]
[White "Niekras, Dawid"]
[Black "Gajdamowicz, Patrick"]
[Result "1-0"]
[WhiteElo "1797"]
[BlackElo "1903"]
[PlyCount "113"]
[EventDate "2011.08.07"]
[EventType "swiss"]
[EventRounds "9"]
[EventCountry "POL"]

1. e4 c5 2. Nf3 d6 3. d4 cxd4 4. Nxd4 Nf6 5. Nc3 g6 6. Be3 Bg7 7. f3 O-O 8. Qd2
Nc6 9. Bc4 Nd7 10. O-O-O Nb6 11. Bb3 Na5 12. Qd3 Nxb3+ 13. axb3 Nd7 14. h4 Nf6
15. h5 Bd7 16. hxg6 fxg6 17. Bh6 Bxh6+ 18. Rxh6 Qa5 19. Nd5 Nxd5 20. exd5 Rf7
21. c4 Rc8 22. Rdh1 Qa2 23. Ne6 Bxe6 24. Rxg6+ Kf8 25. dxe6 Qa1+ 26. Qb1 Qxb1+
27. Kxb1 hxg6 28. Rh8+ Kg7 29. Rxc8 Rf8 30. Rc7 Kf6 31. Rxb7 Ra8 32. Ka2 Kxe6
33. Ka3 g5 34. Ka4 Rh8 35. Rxa7 Rh2 36. g4 Rxb2 37. Ra5 Ra2+ 38. Kb4 Rf2 39.
Rxg5 Rxf3 40. Ka4 Kd7 41. Rg7 Rg3 42. b4 Kc6 43. g5 e5 44. g6 e4 45. Re7 Rxg6
46. Rxe4 d5 47. b5+ Kc5 48. cxd5 Kxd5 49. Re1 Rg2 50. Rc1 Ra2+ 51. Kb4 Kd6 52.
b6 Kd7 53. Kb5 Kd8 54. b7 Rb2+ 55. Kc6 Rb3 56. Rd1+ Ke7 57. Rd5 1-0

[Event "XX Miedzynarodowy Festiwal Szachowy w P"]
[Site "Poznan"]
[Date "2011.08.13"]
[Round "8.12"]
[White "Dzwikowski, Adam"]
[Black "Grabianowski, Krystian"]
[Result "1-0"]
[WhiteElo "2013"]
[BlackElo "1860"]
[PlyCount "147"]
[EventDate "2011.08.07"]
[EventType "swiss"]
[EventRounds "9"]
[EventCountry "POL"]

1. d4 Nf6 2. c4 g6 3. Nc3 Bg7 4. g3 d6 5. Nf3 O-O 6. Bg2 Nc6 7. O-O Bg4 8. h3
Bxf3 9. exf3 Nd7 10. Ne2 e5 11. d5 Ne7 12. Qc2 f5 13. Rd1 f4 14. gxf4 Nf5 15.
fxe5 dxe5 16. f4 Qh4 17. a4 Rae8 18. Ra3 exf4 19. c5 Rxe2 20. Qxe2 Nd4 21. Qg4
Qe7 22. Rxd4 Bxd4 23. Qe6+ Qxe6 24. dxe6 Nxc5 25. Bd5 Re8 26. Bxf4 c6 27. Ba2
Nxe6 28. Rd3 c5 29. b4 Kg7 30. Be3 b6 31. bxc5 bxc5 32. a5 Kf6 33. Rb3 Ng5 34.
a6 Nf3+ 35. Kg2 Ne1+ 36. Kf1 Bxe3 37. fxe3 Nc2 38. Kf2 Nb4 39. Bb1 Nxa6 40. Ra3
Re6 41. Ba2 Rb6 42. Bc4 Nb4 43. Rxa7 h5 44. Kf3 Ke5 45. Re7+ Kf6 46. Rh7 Nc6
47. Ke4 Ne5 48. Bg8 Rb8 49. Ba2 Rc8 50. Ra7 Rc6 51. Ra5 c4 52. Bb1 Nf7 53. Kd5
Rb6 54. Bc2 Ne5 55. h4 Nf3 56. e4 Ne5 57. Ba4 c3 58. Rc5 Ra6 59. Bb3 Rb6 60.
Rxc3 Rb5+ 61. Kd6 Rb6+ 62. Kd5 Rb5+ 63. Kd4 Rb4+ 64. Ke3 Ng4+ 65. Kf4 Rb6 66.
Bd5 Ne5 67. Ra3 Ng4 68. Ra8 Kg7 69. Ra7+ Kh8 70. Kg5 Ne5 71. Re7 Nf3+ 72. Kh6
g5+ 73. Be6 Rb8 74. Rh7# 1-0

[Event "XX Miedzynarodowy Festiwal Szachowy w P"]
[Site "Poznan"]
[Date "2011.08.13"]
[Round "8.14"]
[White "Kaluzny, Wlodzimierz"]
[Black "Sapikowski, Franciszek"]
[Result "1/2-1/2"]
[WhiteElo "2114"]
[BlackElo "1524"]
[PlyCount "87"]
[EventDate "2011.08.07"]
[EventType "swiss"]
[EventRounds "9"]
[EventCountry "POL"]

1. d4 e6 2. Nf3 Nf6 3. Bg5 Be7 4. Nbd2 b6 5. e3 Bb7 6. Bd3 d5 7. c3 Ne4 8. Bxe7
Qxe7 9. Qc2 f5 10. Ne5 O-O 11. O-O Nd7 12. Nxd7 Qxd7 13. Nf3 c5 14. Ne5 Qc7 15.
Qe2 c4 16. Bxe4 fxe4 17. Qg4 Rf5 18. f3 exf3 19. Rxf3 Rxf3 20. gxf3 Qe7 21. Re1
Rf8 22. Re2 a5 23. Rg2 b5 24. a3 Rf5 25. h4 Qf6 26. f4 Qh6 27. Nf3 Kf7 28. Ng5+
Ke7 29. h5 Bc8 30. Rh2 Bd7 31. Qh4 Kf8 32. Nf3 Be8 33. Qd8 Rxh5 34. Qd6+ Kf7
35. Rxh5 Qxh5 36. Ng5+ Kg8 37. Qxe6+ Bf7 38. Nxf7 Qxf7 39. Qc8+ Qf8 40. Qd7 Qf7
41. Qxb5 Qg6+ 42. Kf2 Qc2+ 43. Kg3 Qg6+ 44. Kf2 1/2-1/2

[Event "XX Miedzynarodowy Festiwal Szachowy w P"]
[Site "Poznan"]
[Date "2011.08.13"]
[Round "8.16"]
[White "Kaluzny, Tomasz"]
[Black "Szuminski, Marek"]
[Result "1/2-1/2"]
[WhiteElo "1635"]
[BlackElo "2066"]
[PlyCount "90"]
[EventDate "2011.08.07"]
[EventType "swiss"]
[EventRounds "9"]
[EventCountry "POL"]

1. d4 d5 2. Nf3 Nf6 3. Bf4 e6 4. e3 Be7 5. h3 O-O 6. Bd3 c5 7. c3 Nc6 8. O-O b6
9. Nbd2 Bb7 10. Ne5 g6 11. Ndf3 Nh5 12. Bh6 Ng7 13. Nxc6 Bxc6 14. Ne5 Be8 15.
Qg4 Bd6 16. f4 Qe7 17. Qe2 f6 18. Nf3 Rf7 19. Bxg7 Kxg7 20. g4 h6 21. h4 e5 22.
fxe5 fxe5 23. dxe5 Bxe5 24. Nxe5 Qxe5 25. Rf3 Qe7 26. Rxf7+ Bxf7 27. Qf2 Re8
28. Re1 Be6 29. Qg3 Bd7 30. g5 hxg5 31. hxg5 Rh8 32. Kf2 Rh5 33. Rg1 Bf5 34.
Bxf5 gxf5 35. Qf3 Rh2+ 36. Rg2 Rxg2+ 37. Qxg2 Qd8 38. Qh1 Qxg5 39. Qxd5 Qh4+
40. Kf1 Qh3+ 41. Qg2+ Qxg2+ 42. Kxg2 Kf6 43. Kf3 Ke5 44. Ke2 Ke4 45. c4 a6
1/2-1/2

[Event "XX Miedzynarodowy Festiwal Szachowy w P"]
[Site "Poznan"]
[Date "2011.08.13"]
[Round "8.17"]
[White "Magnucka, Arleta"]
[Black "Gajdamowicz, Adrian"]
[Result "1/2-1/2"]
[WhiteElo "1924"]
[BlackElo "1533"]
[PlyCount "84"]
[EventDate "2011.08.07"]
[EventType "swiss"]
[EventRounds "9"]
[EventCountry "POL"]

1. e4 c5 2. Nc3 d6 3. g3 g6 4. Bg2 Bg7 5. f4 Nc6 6. Nf3 e6 7. d3 Nge7 8. Be3
Nd4 9. O-O Nec6 10. Bf2 Qd7 11. Nxd4 Nxd4 12. Rb1 Rb8 13. Ne2 b6 14. c3 Nxe2+
15. Qxe2 Bb7 16. c4 O-O 17. b3 Rfe8 18. Rbd1 Rbd8 19. e5 Bxg2 20. Kxg2 Qc7 21.
Rfe1 d5 22. g4 Qb7 23. Qf3 Rd7 24. Re2 d4 25. Re4 a6 26. Bh4 Bh6 27. Bf6 Bg7
28. Qh3 b5 29. Rf1 bxc4 30. bxc4 Rb8 31. g5 Bf8 32. Kg1 h6 33. gxh6 Kh7 34. Re2
Qc6 35. Qg3 Be7 36. Bxe7 Rxe7 37. Qg5 Reb7 38. Qf6 Rg8 39. Ref2 Qd7 40. Qh4
Rgb8 41. Qf6 Rg8 42. Qh4 Rgb8 1/2-1/2

[Event "XX Miedzynarodowy Festiwal Szachowy w P"]
[Site "Poznan"]
[Date "2011.08.13"]
[Round "8.18"]
[White "Kostecki, Samuel"]
[Black "Kowalczuk, Mikolaj"]
[Result "0-1"]
[WhiteElo "1341"]
[BlackElo "1932"]
[PlyCount "80"]
[EventDate "2011.08.07"]
[EventType "swiss"]
[EventRounds "9"]
[EventCountry "POL"]

1. d4 Nf6 2. c4 c5 3. e3 e6 4. Nf3 Be7 5. Nc3 O-O 6. g3 b6 7. Bg2 Bb7 8. O-O
cxd4 9. Nxd4 Bxg2 10. Kxg2 a6 11. b3 Qc7 12. Bb2 d6 13. Qf3 Ra7 14. Rac1 Rc8
15. Rc2 Nbd7 16. Qe2 Ne5 17. f4 Nc6 18. Qf3 Nxd4 19. exd4 d5 20. Ne2 Qd7 21.
Rfc1 Rac7 22. Qd3 h6 23. Kg1 Ne4 24. Nc3 Nxc3 25. Rxc3 Bf6 26. Kf2 dxc4 27.
Rxc4 b5 28. Rxc7 Rxc7 29. Rxc7 Qxc7 30. Qc3 Qd7 31. Ke2 g6 32. h4 h5 33. Qe3
Qc6 34. Kd3 Qg2 35. Bc3 Qxa2 36. b4 Qc4+ 37. Kc2 a5 38. bxa5 b4 39. Kb2 bxc3+
40. Qxc3 Bxd4 0-1

[Event "XX Miedzynarodowy Festiwal Szachowy w P"]
[Site "Poznan"]
[Date "2011.08.13"]
[Round "8.19"]
[White "Slavov, Wiktor"]
[Black "Kiwilsza, Piotr"]
[Result "1-0"]
[WhiteElo "1559"]
[BlackElo "1758"]
[PlyCount "79"]
[EventDate "2011.08.07"]
[EventType "swiss"]
[EventRounds "9"]
[EventCountry "POL"]

1. e4 e5 2. Nf3 Nc6 3. d4 exd4 4. Nxd4 d6 5. Bb5 Bd7 6. Bxc6 bxc6 7. Nc3 Nf6 8.
Bg5 Be7 9. O-O O-O 10. f4 Ng4 11. Nxc6 Bxc6 12. Qxg4 Bxg5 13. Qxg5 Qxg5 14.
fxg5 Rfe8 15. Rfe1 Re5 16. g6 hxg6 17. Re2 Rb8 18. b3 Rbe8 19. Rae1 f6 20. Kf2
Kf7 21. Nd5 Bxd5 22. exd5 f5 23. c4 Kf6 24. h4 g5 25. hxg5+ Kxg5 26. Kf3 Kf6
27. b4 Rb8 28. a3 g5 29. c5 dxc5 30. Rxe5 cxb4 31. Re6+ Kf7 32. Rb1 b3 33. Rc6
b2 34. Rxc7+ Kf6 35. d6 Ke6 36. d7 Rb3+ 37. Kf2 Ke7 38. Re1+ Kd8 39. Rxa7 b1=Q
40. Re8# 1-0

[Event "XX Miedzynarodowy Festiwal Szachowy w P"]
[Site "Poznan"]
[Date "2011.08.13"]
[Round "8.20"]
[White "Zakrzewski, Bartosz"]
[Black "Wesolowska, Katarzyna"]
[Result "0-1"]
[WhiteElo "1475"]
[BlackElo "1739"]
[PlyCount "98"]
[EventDate "2011.08.07"]
[EventType "swiss"]
[EventRounds "9"]
[EventCountry "POL"]

1. e4 e6 2. d4 d5 3. exd5 exd5 4. Nf3 Bd6 5. Bd3 Ne7 6. Bg5 f6 7. Bh4 O-O 8.
O-O Bf5 9. c3 Qd7 10. Bg3 Nbc6 11. Bxd6 Qxd6 12. Bxf5 Nxf5 13. Qd3 Nce7 14. Re1
c6 15. Nbd2 Qd7 16. Nf1 Ng6 17. Qd2 Rae8 18. Ng3 Nd6 19. Qc2 Rxe1+ 20. Rxe1 Re8
21. Rxe8+ Qxe8 22. h3 Qe6 23. Qe2 Kf7 24. Qxe6+ Kxe6 25. Nh5 Kf7 26. Kf1 Nc4
27. b3 Nd6 28. Ke2 Ne4 29. c4 Nc3+ 30. Kd3 Nxa2 31. Kc2 Nb4+ 32. Kc3 Na6 33.
Nd2 Nc7 34. g4 Ne7 35. f4 g6 36. Ng3 Ne6 37. Ne2 Ke8 38. Kb4 b6 39. Kc3 Kd7 40.
Kb4 Kd6 41. Kc3 h6 42. h4 c5 43. Kd3 cxd4 44. Nf3 Nc5+ 45. Kd2 Nxb3+ 46. Kd3
Nc5+ 47. Kxd4 Nc6+ 48. Kc3 Ne4+ 49. Kb3 Na5+ 0-1

[Event "XX Miedzynarodowy Festiwal Szachowy w P"]
[Site "Poznan"]
[Date "2011.08.13"]
[Round "8.21"]
[White "Muller, Marcin"]
[Black "Kowalewicz, Kacper"]
[Result "0-1"]
[WhiteElo "1665"]
[BlackElo "1667"]
[PlyCount "20"]
[EventDate "2011.08.07"]
[EventType "swiss"]
[EventRounds "9"]
[EventCountry "POL"]

1. e4 e5 2. Nf3 Nc6 3. Bc4 Bc5 4. c3 Nf6 5. Ng5 O-O 6. a4 d6 7. b4 Bxf2+ 8.
Kxf2 Ng4+ 9. Kg3 Qxg5 10. h4 Qf4+ 0-1